| 000 | 00514nam a22001937a 4500 | ||
|---|---|---|---|
| 008 | 150708b xxu||||| |||| 00| 0 alb d | ||
| 020 | _a9789995673642 | ||
| 041 | 0 | _aalb | |
| 080 |
_a341.176 _x(4) |
||
| 100 | _aDinan, Desmond ; | ||
| 245 |
_aInstitucionet e Bashkimit Europian / _cDesmond Dinan. |
||
| 260 |
_aTiranë : _bAIIS, _c2009. |
||
| 300 |
_aV.2, 221 f. ; _c21cm. |
||
| 500 | _aParathënie: f. 7-8 | ||
| 650 | 0 | _aBashkimi Europian | |
| 650 | 0 | _aInstitucione | |
| 650 | 0 | _aOrganizimi | |
| 942 |
_2udc _cBK |
||
| 999 |
_c1099 _d1099 |
||